Land development handbook : planning, engineering, and surveying

Bibliographic Details
Other Authors: Dewberry, Sidney O., Matusik, John S.
Format: Book
Published: New York : McGraw-Hill , c1996
Subjects:

MARC

LEADER 00000cam a2200000 7i4500
001 0000006288
005 20050613.0
020 |a 0070166447 
040 |a INS 
090 0 0 |a TA549.   |b L29 1996 
245 1 0 |a Land development handbook :   |b planning, engineering, and surveying   |c Sidney O. Dewberry 
260 |a New York :   |b McGraw-Hill ,   |c c1996 
300 |a 1014p. ;   |c 29 cm. 
650 0 0 |a Engineering geology   |x Handbooks, manuals, etc 
650 0 0 |a Real estate development   |x Planning   |x Handbooks, manuals, etc 
650 0 0 |a Surveying   |x Handbooks, manual,etc 
700 1 |a Dewberry, Sidney O. 
700 1 |a Matusik, John S. 
999 |a 0000007566   |b BOOK   |c Open Shelf   |e Default branch